| 000 | 00322cam a22001217a 4500 | ||
|---|---|---|---|
| 008 | 180718b1955 xxu||||| |||| 00| 0 eng d | ||
| 082 | _aR23x54 N56 | ||
| 100 | _aNigam, S.B.L. | ||
| 245 |
_aState regulation of minimum wages _cby S.B.L. Nigam |
||
| 260 |
_aBombay _bAsia _c1955 |
||
| 300 | _a352p. | ||
| 650 | _aLow-paid labour | ||
| 999 |
_c434531 _d434531 |
||